000 01718nam0a22003611 4500
001 rc\1081360
005 20250622140649.0
035 _a(NLR Aleph) 006329649
090 _a7531613
_c7531613
100 _a20041126d1984 |||y0rusy50 ca
101 0 _arus
102 _aRU
105 _aa |||||||||
200 1 _aСовременная сальвадорская поэзия
_e[Сборник]
_eПер. с исп.
_f[Сост. С. Гончаренко
_gПредисл. С. Мамонтова]
210 _aМ.
_cРадуга
_d1984
215 _a271 с.
_cил.
_d17
327 0 _aАвт.: Ф. Гавидиа, Х. Мендес, К. Бустаманте, В. Росалес-и-Росалес, Р. Контрерас, А. Герра Тригерос, К. Ларс, Х. Котто, А. Эспино, С. Китеньо и др.
464 0 _1700#1$aГавидиа$bФ.
_aГавидиа, Ф.
464 0 _1700#1$aМендес$bХ.
_aМендес, Х.
464 0 _1700#1$aБустаманте$bК.
_aБустаманте, К.
464 0 _1700#1$aРосалес-и-Росалес$bВ.
_aРосалес-и-Росалес, В.
464 0 _1700#1$aКонтрерас$bР.
_aКонтрерас, Р.
464 0 _1700#1$aГерра Тригерос$bА.
_aГерра Тригерос, А.
464 0 _1700#1$aЛарс$bК.
_aЛарс, К.
464 0 _1700#1$aКотто$bХ.
_aКотто, Х.
464 0 _1700#1$aЭспино$bА.
_aЭспино, А.
464 0 _1700#1$aКитеньо$bС.
_aКитеньо, С.
702 1 _aГончаренко
_bС.Ф.
_gСергей Филиппович
_4220
801 0 _aRU
_bNLR
_gpsbo
801 1 _aRU
_bELAR
_2rusmarc
852 _aNLR
_j84-2/2423
942 _cBOOK
980 _aNB